000 00393 a2200157 4500
003 Nust
005 20170207153955.0
040 _cNust
082 _a621
100 _aTimers,Controllers,Pumps
245 _aData Pack D
_cTimers,Controllers,Pumps
260 _bTimers,Controllers,Pumps
_c1994
300 _avarious paging,
500 _acontents not available
538 _aAlmirah No.29 Shelf No.5
942 _2ddc
_cBK
999 _c190906
_d190906